新潟県の市町村 人口順 - Statistics

General Stats
  • This quiz has been taken 58 times
  • The average score is 25 of 30
Answer Stats
Answer 人口 % Correct
1 新潟市 766,259
100%
3 上越市 179,294
100%
2 長岡市 255,833
98%
4 新発田市 90,401
98%
5 三条市 90,004
98%
7 燕市 74,453
98%
8 村上市 52,694
95%
9 南魚沼市 52,052
95%
17 魚沼市 31,853
95%
10 佐渡市 46,605
93%
15 糸魚川市 37,445
93%
19 胎内市 26,854
93%
18 妙高市 28,300
90%
6 柏崎市 76,086
85%
11 十日町市 45,865
83%
13 阿賀野市 38,560
83%
14 見附市 37,445
83%
12 五泉市 44,402
80%
16 小千谷市 32,092
80%
25 湯沢町 7,636
76%
30 粟島浦村 320
73%
21 聖籠町 14,020
71%
23 阿賀町 8,628
71%
24 津南町 8,202
68%
26 弥彦村 7,314
68%
20 加茂市 23,321
66%
28 刈羽村 4,161
66%
27 関川村 4,510
59%
29 出雲崎町 3,729
51%
22 田上町 10,466
46%
No matching quizzes found
Score Distribution
Percent of People with Each Score
Percentile by Number Answered
Your Score History
You have not taken this quiz